[Event "Santa Cruz de Tenerife op"]
[Site "Santa Cruz de Tenerife"]
[Date "2016.08.25"]
[Round "9"]
[White "Tatai, Stefano"]
[Black "Martinez Rojas, Carlos Jose"]
[Result "1-0"]
[WhiteElo "2314"]
[BlackElo "2062"]
[PlyCount "118"]
[EventDate "2016.08.08"]
[EventType "swiss"]
[EventRounds "9"]
[EventCountry "ESP"]
[SourceTitle "CBM 174 Extra"]
[Source "ChessBase"]
[SourceDate "2016.10.10"]
[SourceVersion "1"]
[SourceVersionDate "2016.10.10"]
[SourceQuality "1"]

1. e4 e6 2. d4 d5 3. Nd2 Nf6 4. e5 Ne4 5. Bd3 f5 6. exf6 Nxf6 7. Ngf3 Bd6 8. 0-0 0-0 9. Re1 c5 10. dxc5 Bxc5 11. Nb3 Bb6 12. Be3 Nc6 13. Qd2 e5 14. Bxb6 Qxb6 15. Nxe5 Nxe5 16. Rxe5 Ng4 17. Re2 Qd6 18. g3 Ne5 19. Nd4 Bg4 20. Ree1 Rae8 21. Re3 Qh6 22. Rae1 Qh5 23. Bf1 Bf3 24. h3 Be4 25. b3 Rf6 26. f4 Nc6 27. Bg2 Nxd4 28. Qxd4 Qf5 29. Bxe4 dxe4 30. Rxe4 Rc8 31. g4 Qa5 32. Re8+ Rf8 33. Rxc8 Rxc8 34. Re5 Qxa2 35. Rc5 Qb1+ 36. Kg2 Re8 37. Qc4+ Kh8 38. Re5 Rd8 39. Qd3 Rf8 40. Re7 Qc1 41. Qc3 Rg8 42. f5 Qg5 43. Rxb7 Rd8 44. Kg3 h5 45. Qe5 h4+ 46. Kf3 Kh7 47. Qe7 Qxe7 48. Rxe7 Rc8 49. c4 Rb8 50. Re3 a5 51. c5 Kh6 52. c6 Rc8 53. Rc3 Kg5 54. c7 g6 55. Rc5 gxf5 56. Rxf5+ Kg6 57. Rc5 Kf6 58. g5+ Ke6 59. Kg4 Kd6 1-0

[Event "Santa Cruz de Tenerife op"]
[Site "Santa Cruz de Tenerife"]
[Date "2016.08.24"]
[Round "8"]
[White "Martin Ortega, Oscar"]
[Black "Tatai, Stefano"]
[Result "1/2-1/2"]
[WhiteElo "1909"]
[BlackElo "2314"]
[PlyCount "62"]
[EventDate "2016.08.08"]
[EventType "swiss"]
[EventRounds "9"]
[EventCountry "ESP"]
[SourceTitle "CBM 174 Extra"]
[Source "ChessBase"]
[SourceDate "2016.10.10"]
[SourceVersion "1"]
[SourceVersionDate "2016.10.10"]
[SourceQuality "1"]

1. e4 c6 2. d4 d5 3. exd5 cxd5 4. c4 Nf6 5. Nc3 g6 6. Qb3 Bg7 7. cxd5 0-0 8. Be2 Na6 9. Bf3 Nc7 10. Nge2 Nce8 11. Bf4 Nd6 12. 0-0 Qa5 13. Qa4 Qb6 14. Qb3 Qa6 15. Be5 Bd7 16. Rfe1 Rac8 17. Ng3 Rfd8 18. Nge4 Ndxe4 19. Nxe4 b6 20. d6 Nxe4 21. dxe7 Re8 22. Rxe4 Bf5 23. Ree1 Rxe7 24. Bxg7 Rxe1+ 25. Rxe1 Kxg7 26. Bd5 Qa5 27. Rf1 Qd2 28. Qe3 Qxe3 29. fxe3 Rc2 30. Rf2 Rc1+ 31. Rf1 Rc2 1/2-1/2

[Event "Santa Cruz de Tenerife op"]
[Site "Santa Cruz de Tenerife"]
[Date "2016.08.22"]
[Round "6"]
[White "Lopez Pereyra, Antonio"]
[Black "Tatai, Stefano"]
[Result "0-1"]
[WhiteElo "2143"]
[BlackElo "2314"]
[PlyCount "72"]
[EventDate "2016.08.08"]
[EventType "swiss"]
[EventRounds "9"]
[EventCountry "ESP"]
[SourceTitle "CBM 174 Extra"]
[Source "ChessBase"]
[SourceDate "2016.10.10"]
[SourceVersion "1"]
[SourceVersionDate "2016.10.10"]
[SourceQuality "1"]

1. e4 c5 2. Nf3 d6 3. d4 cxd4 4. Nxd4 Nf6 5. Nc3 Nc6 6. Bc4 e6 7. Be3 Be7 8. Qe2 a6 9. 0-0-0 Qc7 10. Bb3 0-0 11. g4 Nxd4 12. Rxd4 Nd7 13. g5 Nc5 14. Rg1 b5 15. Qh5 g6 16. Qh6 Nxb3+ 17. axb3 f5 18. exf5 Rxf5 19. Ne4 e5 20. Rd2 Bb7 21. Nf6+ Bxf6 22. gxf6 Rxf6 23. Qh4 Qf7 24. f4 exf4 25. Bd4 Re6 26. Rf2 f3 27. Bc3 Re4 28. Rg4 Rae8 29. Kb1 b4 30. Bd2 a5 31. Rxe4 Bxe4 32. Bh6 a4 33. bxa4 b3 34. Rd2 Bxc2+ 35. Kc1 Qe6 36. Rd4 Qe1+ 0-1

[Event "Santa Cruz de Tenerife op"]
[Site "Santa Cruz de Tenerife"]
[Date "2016.08.08"]
[Round "1"]
[White "Tatai, Stefano"]
[Black "Guillermo Gonzalez, Alvaro"]
[Result "1-0"]
[WhiteElo "2314"]
[BlackElo "1570"]
[PlyCount "39"]
[EventDate "2016.08.08"]
[EventType "swiss"]
[EventRounds "9"]
[EventCountry "ESP"]
[SourceTitle "CBM 174 Extra"]
[Source "ChessBase"]
[SourceDate "2016.10.10"]
[SourceVersion "1"]
[SourceVersionDate "2016.10.10"]
[SourceQuality "1"]

1. e4 c5 2. Nf3 d6 3. d4 cxd4 4. Nxd4 Nf6 5. Nc3 a6 6. Be3 e6 7. h3 Be7 8. g4 Qc7 9. Bg2 Nc6 10. 0-0 Nxd4 11. Bxd4 e5 12. Be3 Be6 13. a4 Nd7 14. a5 b6 15. axb6 Nxb6 16. Re1 0-0 17. Qd3 Bc4 18. Bxb6 Qxb6 19. Qxc4 Bh4 20. Nd1 1-0

[Event "Santa Cruz de Tenerife op 25th"]
[Site "Santa Cruz de Tenerife"]
[Date "2014.12.23"]
[Round "7"]
[White "Hernandez Leon, Sergio"]
[Black "Tatai, Stefano"]
[Result "1/2-1/2"]
[WhiteElo "2045"]
[BlackElo "2325"]
[PlyCount "64"]
[EventDate "2014.12.15"]
[EventType "swiss"]
[EventRounds "9"]
[EventCountry "ESP"]
[SourceTitle "CBM 164 Extra"]
[Source "ChessBase"]
[SourceDate "2015.03.02"]
[SourceVersion "1"]
[SourceVersionDate "2015.03.02"]
[SourceQuality "1"]

1. d4 Nf6 2. Bg5 Ne4 3. Bf4 c5 4. f3 Qa5+ 5. c3 Nf6 6. Nd2 cxd4 7. Nb3 Qa4 8. cxd4 e6 9. e4 Bb4+ 10. Bd2 d5 11. e5 Nfd7 12. Bd3 Nc6 13. Ne2 Bxd2+ 14. Nxd2 Qxd1+ 15. Rxd1 Nb6 16. a3 Bd7 17. Rc1 Rc8 18. b3 Ke7 19. Kf2 Rc7 20. Rc2 Rcc8 21. Rhc1 a5 22. Ke3 f6 23. f4 Be8 24. h3 Bg6 25. Bxg6 hxg6 26. Ng1 Kd7 27. Ngf3 Ne7 28. Rxc8 Nexc8 29. Kd3 Na7 30. Nb1 Rc8 31. Rxc8 Kxc8 32. b4 Kc7 1/2-1/2

[Event "Santa Cruz de Tenerife op 25th"]
[Site "Santa Cruz de Tenerife"]
[Date "2014.12.22"]
[Round "6"]
[White "Tatai, Stefano"]
[Black "Hernandez Leon, Alberto"]
[Result "0-1"]
[WhiteElo "2325"]
[BlackElo "2264"]
[PlyCount "41"]
[EventDate "2014.12.15"]
[EventType "swiss"]
[EventRounds "9"]
[EventCountry "ESP"]
[SourceTitle "CBM 164 Extra"]
[Source "ChessBase"]
[SourceDate "2015.03.02"]
[SourceVersion "1"]
[SourceVersionDate "2015.03.02"]
[SourceQuality "1"]

1. d4 c5 2. e4 cxd4 3. Nf3 d6 4. Nxd4 Nf6 5. Nc3 a6 6. Bg5 e6 7. f4 Be7 8. Qe2 h6 9. Bh4 Nxe4 10. Bxe7 Nxc3 11. Qc4 Kxe7 12. Qxc3 Re8 13. 0-0-0 Kf8 14. Qa3 Qb6 15. Nb5 axb5 16. Qxa8 Na6 17. a4 Bd7 18. Qxe8+ Bxe8 19. Bxb5 Bxb5 20. axb5 Nb4 21. Rhe1 0-1

[Event "Santa Cruz de Tenerife op 25th"]
[Site "Santa Cruz de Tenerife"]
[Date "2014.12.16"]
[Round "2"]
[White "Tatai, Stefano"]
[Black "Alvarez Alonso, Alberto"]
[Result "1-0"]
[WhiteElo "2325"]
[BlackElo "1825"]
[PlyCount "65"]
[EventDate "2014.12.15"]
[EventType "swiss"]
[EventRounds "9"]
[EventCountry "ESP"]
[SourceTitle "CBM 164 Extra"]
[Source "ChessBase"]
[SourceDate "2015.03.02"]
[SourceVersion "1"]
[SourceVersionDate "2015.03.02"]
[SourceQuality "1"]

1. d4 d5 2. c4 e6 3. Nc3 Be7 4. cxd5 exd5 5. Nf3 Nf6 6. Bg5 0-0 7. e3 c6 8. Qc2 Nbd7 9. Bd3 Re8 10. 0-0 Nf8 11. Rab1 Bg4 12. Nd2 Bh5 13. b4 a6 14. a4 Bg6 15. b5 Bxd3 16. Qxd3 a5 17. Rfc1 Ne6 18. Bh4 Qd7 19. Nf3 Rec8 20. Ne5 Qd8 21. bxc6 bxc6 22. Rb7 g5 23. Bg3 c5 24. Rcb1 c4 25. Qf5 Qe8 26. h4 h6 27. Ng4 Nxg4 28. Qxg4 Qd8 29. hxg5 hxg5 30. Qf3 Qe8 31. Nxd5 Bd8 32. Nf6+ Bxf6 33. Qxf6 1-0

[Event "Santa Cruz de Tenerife Autumn op"]
[Site "Santa Cruz de Tenerife"]
[Date "2014.11.05"]
[Round "5"]
[White "Tatai, Stefano"]
[Black "Molina Rodriguez, Borja"]
[Result "1-0"]
[WhiteElo "2331"]
[BlackElo "2140"]
[PlyCount "59"]
[EventDate "2014.10.27"]
[EventType "swiss"]
[EventRounds "9"]
[EventCountry "ESP"]
[SourceTitle "CBM 163 Extra"]
[Source "ChessBase"]
[SourceDate "2014.12.23"]
[SourceVersion "1"]
[SourceVersionDate "2014.12.23"]
[SourceQuality "1"]

1. Nf3 Nf6 2. c4 b6 3. g3 Bb7 4. Bg2 e6 5. 0-0 Be7 6. Nc3 Ne4 7. Nxe4 Bxe4 8. d3 Bb7 9. Bd2 a5 10. Qc2 0-0 11. Rac1 Na6 12. Bc3 f5 13. Ne5 Bxg2 14. Kxg2 Qc8 15. Kg1 Bf6 16. d4 d6 17. Nd3 Qb7 18. a3 c5 19. dxc5 Bxc3 20. Qxc3 Nxc5 21. Rfd1 Ne4 22. Qb3 a4 23. Qb4 Qc6 24. Qb5 Rac8 25. Qxc6 Rxc6 26. f3 Nc5 27. Nb4 Rc7 28. Rxd6 Nb3 29. Rc3 b5 30. cxb5 1-0

[Event "Santa Cruz de Tenerife Verano op"]
[Site "Santa Cruz de Tenerife"]
[Date "2014.09.08"]
[Round "7"]
[White "Medina Plasencia, Santiago"]
[Black "Tatai, Stefano"]
[Result "0-1"]
[WhiteElo "1962"]
[BlackElo "2340"]
[PlyCount "150"]
[EventDate "2014.08.25"]
[EventType "swiss"]
[EventRounds "9"]
[EventCountry "ESP"]
[SourceTitle "CBM 162 Extra"]
[Source "ChessBase"]
[SourceDate "2014.10.17"]
[SourceVersion "1"]
[SourceVersionDate "2014.10.17"]
[SourceQuality "1"]

1. d4 Nf6 2. c4 e6 3. Nc3 Bb4 4. e3 0-0 5. Bd3 c5 6. Nf3 d5 7. 0-0 Nc6 8. a3 Bxc3 9. bxc3 Qc7 10. cxd5 exd5 11. a4 c4 12. Bc2 Bg4 13. Ba3 Rfe8 14. Qe1 Bxf3 15. gxf3 Nh5 16. Qb1 g6 17. Kh1 Qd7 18. Rg1 Ng7 19. f4 Re6 20. Bd1 Rd8 21. Bg4 f5 22. Bf3 Na5 23. Qb5 Nb3 24. Ra2 Ra6 25. Qxd7 Rxd7 26. Bb4 Ne6 27. Rb1 Nd8 28. Bd1 Na5 29. Bxa5 Rxa5 30. Rb5 Rxb5 31. axb5 b6 32. Bf3 Kf7 33. Kg2 Ke6 34. Kf1 Kd6 35. Ke2 Ne6 36. h4 Ng7 37. Ra1 Ke6 38. Rh1 Ne8 39. Rg1 Nc7 40. Rb1 Rd8 41. Kd2 Ra8 42. Kc2 a6 43. bxa6 Rxa6 44. Rb4 b5 45. Rb1 Ra2+ 46. Rb2 Ra1 47. Rb1 Rxb1 48. Kxb1 Na6 49. Kb2 b4 50. cxb4 Nxb4 51. Be2 Kd6 52. Kc3 Nc6 53. Bf3 Ne7 54. Bd1 Ng8 55. f3 Nf6 56. Bc2 Nh5 57. Kb4 Ng3 58. Kc3 Nf1 59. e4 Ne3 60. Bb1 Ng2 61. exf5 Nxh4 62. fxg6 hxg6 63. Bc2 Ke6 64. Kb4 Kd6 65. Kc3 Nf5 66. Ba4 Ne3 67. Be8 Ng2 68. Bxg6 Nxf4 69. Bb1 Ne2+ 70. Kb4 Nxd4 71. Ba2 Nc2+ 72. Kc3 Ne3 73. Kd4 Nf5+ 74. Kc3 Kc5 75. Bb1 Nd4 0-1

[Event "Santa Cruz de Tenerife Verano op"]
[Site "Santa Cruz de Tenerife"]
[Date "2014.09.03"]
[Round "5"]
[White "Rodriguez Falcon, Jesus Manuel"]
[Black "Tatai, Stefano"]
[Result "0-1"]
[WhiteElo "1983"]
[BlackElo "2340"]
[PlyCount "60"]
[EventDate "2014.08.25"]
[EventType "swiss"]
[EventRounds "9"]
[EventCountry "ESP"]
[SourceTitle "CBM 162 Extra"]
[Source "ChessBase"]
[SourceDate "2014.10.17"]
[SourceVersion "1"]
[SourceVersionDate "2014.10.17"]
[SourceQuality "1"]

1. e4 c5 2. Nf3 a6 3. c4 b6 4. Nc3 Bb7 5. Bd3 e6 6. 0-0 Qc7 7. b3 Nc6 8. a3 Nf6 9. Bb2 Bd6 10. Ne2 Ng4 11. h3 Nge5 12. Nxe5 Bxe5 13. Qc2 g5 14. Bxe5 Qxe5 15. Qc3 h5 16. Qxe5 Nxe5 17. Bc2 g4 18. f4 gxf3 19. gxf3 0-0-0 20. d4 cxd4 21. Nxd4 d5 22. exd5 exd5 23. cxd5 Rxd5 24. Rad1 Rhd8 25. f4 Ng6 26. Ne2 Rd2 27. Bf5+ Kb8 28. Rxd2 Rxd2 29. Rf2 Nh4 30. Bh7 Nf3+ 0-1

[Event "Tenerife-ch"]
[Site "Santa Cruz de La Palma"]
[Date "2014.05.27"]
[Round "9"]
[White "Tatai, Stefano"]
[Black "Kraus, Oliver"]
[Result "1-0"]
[WhiteElo "2349"]
[BlackElo "2045"]
[PlyCount "45"]
[EventDate "2014.05.17"]
[EventType "swiss"]
[EventRounds "9"]
[EventCountry "ESP"]
[SourceTitle "CBM 160 Extra"]
[Source "ChessBase"]
[SourceDate "2014.07.01"]
[SourceVersion "1"]
[SourceVersionDate "2014.07.01"]
[SourceQuality "1"]

1. e4 e5 2. Nf3 Nc6 3. Bc4 Nf6 4. d3 Be7 5. c3 0-0 6. Nbd2 d6 7. Nf1 Kh8 8. Ng3 Ng8 9. 0-0 f5 10. exf5 Bxf5 11. Bxg8 Kxg8 12. Qb3+ Kh8 13. Nxf5 Rxf5 14. Qxb7 Qe8 15. Qb3 Qg6 16. Qd5 Raf8 17. Qxc6 Rxf3 18. Be3 h5 19. Qe4 R3f5 20. d4 d5 21. Qxd5 Bd6 22. Qe4 Re8 23. d5 1-0

[Event "Tenerife-ch"]
[Site "Santa Cruz de La Palma"]
[Date "2014.05.22"]
[Round "5"]
[White "Perez Gutierrez, Nauzet"]
[Black "Tatai, Stefano"]
[Result "0-1"]
[WhiteElo "2091"]
[BlackElo "2349"]
[PlyCount "128"]
[EventDate "2014.05.17"]
[EventType "swiss"]
[EventRounds "9"]
[EventCountry "ESP"]
[SourceTitle "CBM 160 Extra"]
[Source "ChessBase"]
[SourceDate "2014.07.01"]
[SourceVersion "1"]
[SourceVersionDate "2014.07.01"]
[SourceQuality "1"]

1. e4 c5 2. Nf3 Nc6 3. d4 cxd4 4. Nxd4 Nf6 5. Nc3 e5 6. Ndb5 d6 7. Bg5 a6 8. Na3 b5 9. Nd5 Be7 10. Bxf6 Bxf6 11. c3 0-0 12. Nc2 Rb8 13. a3 Bg5 14. h4 Bh6 15. g4 g6 16. g5 Bg7 17. Bh3 h5 18. gxh6 Bxh6 19. Bxc8 Rxc8 20. Qg4 Ne7 21. Ncb4 Nxd5 22. Nxd5 Kg7 23. Ke2 Qe8 24. Rag1 Rc4 25. Qf5 Qe6 26. Rg3 Bf4 27. Rg2 Rc5 28. Qxe6 fxe6 29. Ne7 Rf6 30. h5 g5 31. Ng6 Kh6 32. Rhg1 a5 33. f3 a4 34. Rg4 Kxh5 35. Ne7 Kh6 36. Ng8+ Kg7 37. Nxf6 Kxf6 38. Rh1 d5 39. Kd3 d4 40. Rh6+ Ke7 41. Rh7+ Kd6 42. Rb7 Kc6 43. Rb8 Kc7 44. Ra8 Rc6 45. Ra7+ Kb6 46. Rd7 dxc3 47. bxc3 Bc1 48. Rg1 Bxa3 49. Rxg5 Bb2 50. Rxe5 a3 51. Rd8 a2 52. Rb8+ Kc7 53. Rexb5 a1Q 54. R8b7+ Kd8 55. Rxb2 Qd1+ 56. Ke3 Rxc3+ 57. Kf4 Qxf3+ 58. Ke5 Qg3+ 59. Kd4 Qe3+ 60. Ke5 Rc5+ 61. Kd6 Qd4+ 62. Kxe6 Qxe4+ 63. Kf7 Qh7+ 64. Ke6 Qf5+ 0-1

[Event "Tenerife-ch"]
[Site "Santa Cruz de La Palma"]
[Date "2014.05.18"]
[Round "2"]
[White "Tatai, Stefano"]
[Black "Rodriguez Redondo, Adhara"]
[Result "1-0"]
[WhiteElo "2349"]
[BlackElo "1408"]
[PlyCount "43"]
[EventDate "2014.05.17"]
[EventType "swiss"]
[EventRounds "9"]
[EventCountry "ESP"]
[SourceTitle "CBM 160 Extra"]
[Source "ChessBase"]
[SourceDate "2014.07.01"]
[SourceVersion "1"]
[SourceVersionDate "2014.07.01"]
[SourceQuality "1"]

1. d4 d5 2. Nf3 Nf6 3. g3 e6 4. Bg2 c5 5. 0-0 Be7 6. dxc5 Bxc5 7. c4 0-0 8. cxd5 Nxd5 9. a3 Nd7 10. b4 Bb6 11. Bb2 N7f6 12. Nbd2 a5 13. e4 Nc7 14. Nc4 Nb5 15. a4 Na7 16. b5 Nxe4 17. Nfe5 Nc5 18. Ba3 Qxd1 19. Rfxd1 Nxa4 20. Bxf8 Nc3 21. Nxb6 Nxd1 22. Rxd1 1-0

[Event "Vecindario"]
[Site "Vecindario"]
[Date "2013.08.04"]
[Round "6"]
[White "Tatai, Stefano"]
[Black "Bressac, Stephane"]
[Result "1/2-1/2"]
[WhiteElo "2365"]
[BlackElo "2231"]
[PlyCount "53"]
[EventDate "2013.08.01"]
[EventType "tourn"]
[EventRounds "9"]
[EventCountry "ESP"]
[EventCategory "4"]
[SourceTitle "CBM 155 Extra"]
[Source "ChessBase"]
[SourceDate "2013.08.26"]
[SourceVersion "1"]
[SourceVersionDate "2013.08.26"]
[SourceQuality "1"]

1. e4 c5 2. Nf3 Nc6 3. Bb5 e6 4. 0-0 Nge7 5. Re1 Qb6 6. c4 Ng6 7. Nc3 Be7 8. d3 0-0 9. Be3 Nd4 10. b4 Nxf3+ 11. Qxf3 Qc7 12. bxc5 Bxc5 13. Bxc5 Qxc5 14. Qe3 Qxe3 15. Rxe3 d6 16. Rb1 Rd8 17. Ba4 Kf8 18. g3 Ne5 19. f4 Nc6 20. Kf2 Ke7 21. Re2 Na5 22. Reb2 b6 23. Ke3 Bd7 24. Bb5 g6 25. Ne2 Rac8 26. Nd4 Rc5 27. Bxd7 1/2-1/2

[Event "Vecindario"]
[Site "Vecindario"]
[Date "2013.08.01"]
[Round "1"]
[White "Herrera Reyes, Jose Antonio"]
[Black "Tatai, Stefano"]
[Result "1-0"]
[WhiteElo "2205"]
[BlackElo "2365"]
[PlyCount "67"]
[EventDate "2013.08.01"]
[EventType "tourn"]
[EventRounds "9"]
[EventCountry "ESP"]
[EventCategory "4"]
[SourceTitle "CBM 155 Extra"]
[Source "ChessBase"]
[SourceDate "2013.08.26"]
[SourceVersion "1"]
[SourceVersionDate "2013.08.26"]
[SourceQuality "1"]

1. e4 c5 2. Nf3 d6 3. c3 Nf6 4. Be2 e6 5. 0-0 Be7 6. Qc2 Qc7 7. a4 0-0 8. d3 b6 9. Bf4 Nbd7 10. Na3 a6 11. h3 Bb7 12. Bg3 Rfe8 13. Qb3 Bc6 14. Nd2 Rab8 15. Nac4 b5 16. axb5 axb5 17. Ne3 Ra8 18. f4 Bf8 19. Bf3 Qb6 20. Qc2 Rxa1 21. Rxa1 Ra8 22. Rf1 Qb7 23. f5 Re8 24. fxe6 Rxe6 25. d4 d5 26. e5 Ne4 27. Nxe4 dxe4 28. Bg4 Re8 29. d5 Nxe5 30. Bxe5 Rxe5 31. dxc6 Qxc6 32. c4 h5 33. Rf5 Rxf5 34. Bxf5 1-0

[Event "EU-chT Seniors 15th"]
[Site "Dresden"]
[Date "2013.07.27"]
[Round "8"]
[White "Rooze, Jan"]
[Black "Tatai, Stefano"]
[Result "0-1"]
[WhiteElo "2386"]
[BlackElo "2365"]
[PlyCount "78"]
[EventDate "2013.07.20"]
[EventType "team-swiss"]
[EventRounds "9"]
[EventCountry "GER"]
[SourceTitle "CBM 155 Extra"]
[Source "ChessBase"]
[SourceDate "2013.08.26"]
[SourceVersion "1"]
[SourceVersionDate "2013.08.26"]
[SourceQuality "1"]
[WhiteTeam "Belgium"]
[BlackTeam "Italy"]
[WhiteTeamCountry "BEL"]
[BlackTeamCountry "ITA"]

1. e4 c5 2. Nf3 d6 3. Bb5+ Bd7 4. Bxd7+ Qxd7 5. c4 Nc6 6. Nc3 g6 7. d4 cxd4 8. Nxd4 Bg7 9. Nde2 Nf6 10. f3 0-0 11. 0-0 Rfc8 12. Bg5 Qd8 13. Qd2 Qa5 14. b3 Nd7 15. Rac1 a6 16. Bh6 b5 17. Bxg7 Kxg7 18. Qb2 f6 19. Nd5 Nde5 20. b4 Qd8 21. Nef4 Kf7 22. cxb5 axb5 23. Ne3 Qb6 24. Qb3+ Nc4 25. Nfd5 Qa7 26. Rf2 e6 27. Nxc4 bxc4 28. Qxc4 Ne5 29. Qc7+ Nd7 30. Rc6 Rxc7 31. Rxc7 Qa4 32. Nc3 Qxb4 33. Rxd7+ Kg8 34. Rc7 Qb6 35. Rc4 Ra3 36. g3 Qe3 37. Rc8+ Kg7 38. Rc7+ Kh6 39. Nd1 Qd4 0-1

[Event "EU-chT Seniors 15th"]
[Site "Dresden"]
[Date "2013.07.23"]
[Round "4"]
[White "Tatai, Stefano"]
[Black "Vogt, Lothar"]
[Result "1/2-1/2"]
[WhiteElo "2365"]
[BlackElo "2402"]
[PlyCount "30"]
[EventDate "2013.07.20"]
[EventType "team-swiss"]
[EventRounds "9"]
[EventCountry "GER"]
[SourceTitle "CBM 155 Extra"]
[Source "ChessBase"]
[SourceDate "2013.08.26"]
[SourceVersion "1"]
[SourceVersionDate "2013.08.26"]
[SourceQuality "1"]
[WhiteTeam "Italy"]
[BlackTeam "Eppingen"]
[WhiteTeamCountry "ITA"]
[BlackTeamCountry "GER"]

1. d4 Nf6 2. c4 g6 3. Nc3 Bg7 4. e4 d6 5. Be2 0-0 6. Bg5 a6 7. Qd2 c5 8. Nf3 cxd4 9. Nxd4 Nc6 10. Nf3 Be6 11. Rc1 Qa5 12. 0-0 Rfc8 13. Nd5 Qxd2 14. Nxd2 Nd7 15. b3 Kf8 1/2-1/2

[Event "Tenerife-chT"]
[Site "Tenerife"]
[Date "2013.04.20"]
[Round "12.1"]
[White "Cabrera Trujillo, Jorge Juan"]
[Black "Tatai, Stefano"]
[Result "1/2-1/2"]
[WhiteElo "2361"]
[BlackElo "2369"]
[PlyCount "97"]
[EventDate "2013.01.19"]
[EventType "team-tourn"]
[EventRounds "14"]
[EventCountry "ESP"]
[SourceTitle "EXT 2014"]
[Source "ChessBase"]
[SourceDate "2013.11.20"]
[SourceVersion "1"]
[SourceVersionDate "2013.11.20"]
[SourceQuality "1"]
[WhiteTeam "Rey Ahogado"]
[BlackTeam "Casa de Venezuela Ebano"]
[WhiteTeamCountry "ESP"]
[BlackTeamCountry "ESP"]

1. e4 c5 2. Nf3 Nc6 3. d4 cxd4 4. Nxd4 Nf6 5. Nc3 e6 6. Ndb5 d6 7. Bf4 e5 8. Bg5 a6 9. Na3 b5 10. Nd5 Be7 11. Bxf6 Bxf6 12. c3 Bg5 13. Nc2 0-0 14. a4 bxa4 15. Rxa4 a5 16. Bc4 Rb8 17. b3 Be6 18. h4 Bh6 19. Nce3 g6 20. h5 Bg5 21. g3 Ne7 22. f4 exf4 23. gxf4 Nxd5 24. Nxd5 Bxd5 25. Bxd5 Bxf4 26. hxg6 hxg6 27. Qg4 Qg5 28. Qxg5 Bxg5 29. Rxa5 Be3 30. Ra2 Kg7 31. Rah2 Bf4 32. Rh7+ Kf6 33. Ke2 Rbc8 34. Kd3 Rc7 35. b4 Rb8 36. Rb1 g5 37. b5 Kg6 38. Rbh1 g4 39. Bc6 g3 40. R7h4 Be5 41. Rg4+ Kf6 42. Kc4 Rb6 43. Rf1+ Ke6 44. Rf3 Rbxc6+ 45. bxc6 Rxc6+ 46. Kb3 Rb6+ 47. Kc2 Ra6 48. Kb2 Rb6+ 49. Kc2 1/2-1/2

[Event "Tenerife-chT"]
[Site "Tenerife"]
[Date "2013.03.23"]
[Round "9.1"]
[White "Hidalgo Santana, Fernando"]
[Black "Tatai, Stefano"]
[Result "1-0"]
[WhiteElo "2193"]
[BlackElo "2369"]
[PlyCount "60"]
[EventDate "2013.01.19"]
[EventType "team-tourn"]
[EventRounds "14"]
[EventCountry "ESP"]
[SourceTitle "EXT 2014"]
[Source "ChessBase"]
[SourceDate "2013.11.20"]
[SourceVersion "1"]
[SourceVersionDate "2013.11.20"]
[SourceQuality "1"]
[WhiteTeam "Universidad Asados Los Guanches"]
[BlackTeam "Casa de Venezuela Ebano"]
[WhiteTeamCountry "ESP"]
[BlackTeamCountry "ESP"]

1. e4 e6 2. d4 d5 3. Bd3 dxe4 4. Bxe4 Nf6 5. Bf3 Nc6 6. Ne2 Bd6 7. Nbc3 a6 8. Bf4 0-0 9. Qd2 Bd7 10. Bxd6 cxd6 11. 0-0 d5 12. Qf4 Na5 13. g4 Qb8 14. Qg5 Nc4 15. b3 Nd6 16. Rac1 Rc8 17. Qe3 Bb5 18. Rfe1 Bxe2 19. Nxe2 b5 20. g5 Nfe8 21. Ng3 Ra7 22. h4 g6 23. h5 Ng7 24. Bg4 Rc6 25. h6 Ngf5 26. Bxf5 Nxf5 27. Nxf5 gxf5 28. c4 Rd7 29. cxb5 Rxc1 30. Rxc1 axb5 1-0

[Event "Tenerife-chT"]
[Site "Tenerife"]
[Date "2013.03.09"]
[Round "7.1"]
[White "Tatai, Stefano"]
[Black "Meneses Gonzalez, Kevin Moises"]
[Result "1/2-1/2"]
[WhiteElo "2369"]
[BlackElo "2264"]
[PlyCount "51"]
[EventDate "2013.01.19"]
[EventType "team-tourn"]
[EventRounds "14"]
[EventCountry "ESP"]
[SourceTitle "EXT 2014"]
[Source "ChessBase"]
[SourceDate "2013.11.20"]
[SourceVersion "1"]
[SourceVersionDate "2013.11.20"]
[SourceQuality "1"]
[WhiteTeam "Casa de Venezuela Ebano"]
[BlackTeam "El Sauzal Libreria Barco"]
[WhiteTeamCountry "ESP"]
[BlackTeamCountry "ESP"]

1. d4 Nf6 2. c4 g6 3. Nf3 Bg7 4. g3 0-0 5. Bg2 d6 6. 0-0 Nbd7 7. Qc2 e5 8. Rd1 Qe7 9. e4 c6 10. Nc3 exd4 11. Nxd4 Ne5 12. Qe2 Re8 13. h3 a5 14. Rb1 a4 15. b3 axb3 16. axb3 Ned7 17. b4 Nb6 18. Qd3 Na4 19. Nde2 Nxc3 20. Nxc3 Nd7 21. f4 Nb6 22. Be3 Na4 23. Nxa4 Rxa4 24. Bd4 Bxd4+ 25. Qxd4 Be6 26. Qxd6 1/2-1/2

[Event "EU-chT Seniors"]
[Site "Rogaska Slatina"]
[Date "2012.04.02"]
[Round "7.6"]
[White "Rodriguez Vargas, Orestes"]
[Black "Tatai, Stefano"]
[Result "1/2-1/2"]
[WhiteElo "2403"]
[BlackElo "2362"]
[PlyCount "24"]
[EventDate "2012.03.27"]
[EventType "team-swiss"]
[EventRounds "9"]
[EventCountry "SLO"]
[SourceTitle "CBM 147 Extra"]
[Source "ChessBase"]
[SourceDate "2012.04.24"]
[SourceVersion "1"]
[SourceVersionDate "2012.04.24"]
[SourceQuality "1"]
[WhiteTeam "Catalunya (Seniors)"]
[BlackTeam "Italy (Seniors)"]
[WhiteTeamCountry "ESP"]
[BlackTeamCountry "ITA"]

1. e4 e5 2. Nf3 Nc6 3. Bb5 a6 4. Bxc6 dxc6 5. d4 exd4 6. Qxd4 Qxd4 7. Nxd4 Bd7 8. Be3 0-0-0 9. Nd2 Re8 10. 0-0-0 Ne7 11. Rhe1 Ng6 12. h3 Bd6 1/2-1/2